000 00358nam a2200133Ia 4500
005 20251222143306.0
008 251222s9999||||xx |||||||||||||| ||spa||
020 _a84-7434-715-7
082 _a331.12/S26
100 _aSarfati, Hedva
245 0 _aLa Flexibilidad del Mercado de Trabajo:
264 _bMinisterio de Trabajo y Seguridad Social
942 _cLIB
999 _c15528
_d15528